[Event "Alassio West End op 2nd"]
[Site "Alassio"]
[Date "2016.10.02"]
[Round "5"]
[White "Gatti, Matteo"]
[Black "Picasso, Filippo"]
[Result "0-1"]
[WhiteElo "1347"]
[BlackElo "1474"]
[PlyCount "56"]
[EventDate "2016.09.30"]
[EventType "swiss"]
[EventRounds "5"]
[EventCountry "ITA"]
[SourceTitle "EXT 2018"]
[Source "ChessBase"]
[SourceDate "2017.10.13"]
[SourceVersion "1"]
[SourceVersionDate "2017.10.13"]
[SourceQuality "1"]

1. e4 e5 2. Nf3 Nc6 3. Bc4 Nf6 4. Nxe5 d5 5. exd5 Nxd5 6. Nxf7 Kxf7 7. Qf3+ Ke6 8. Nc3 Nce7 9. Qg4+ Kd6 10. Qf3 c6 11. Ne4+ Kc7 12. Qh5 Be6 13. Qf3 Ng6 14. Ng3 Qf6 15. Qxf6 gxf6 16. 0-0 Ngf4 17. d3 Re8 18. Ne4 Ne2+ 19. Kh1 Nxc1 20. Raxc1 Be7 21. c3 f5 22. Ng3 h5 23. Rfe1 Bd6 24. d4 f4 25. Bxd5 Bxd5 26. Rxe8 Rxe8 27. Nxh5 f3 28. gxf3 Bxf3+ 0-1